00529nam a2200181Ia 4500008004000000041000800040082001200048100001500060245002300075260004300098650001100141650001200152650000800164690002000172906001100192999001900203952012500222210210b1938 xxu||||| |||| 00| 0 eng d aeng a425/183 aMARTIN (H) aLetters and sounds aLondonbOxford University Pressc1938 asounds aLetters aand aEnglish Grammar a005959 c128977d128977 001040708EnglishaALbALcEnglish Languaged2021-02-17g0.00l0o425/183p005959r2021-02-17 00:00:00w2021-02-17yBK